00438nam a2200193Ia 4500008004100000020001800041245002200059245001700081260001500098260001900113260000900132300001600141300002500157300001000182440001900192440000600211500000800217999001900225170705s9999 xx 000 0 und d a9780439846752 4aThe snow spider / cJenny Nimmo. aNew York : bOrchard Books, c1986 a146 pages : bcolor illustration ; c22cm. aThe magician ; v1 a810 c336454d336454